Malcolm en 10 courtes vidéos #2 - Statistiques

Statistiques générales
  • Ce quiz a été pris 89 fois
  • Le résultat moyen est 5 sur 10
Statistiques - réponses
Vidéo Question Réponse % Correct
Qu'est ce qu'aperçoit Malcolm en 4 lettres dans cet extrait ? Lois/Mère
86%
Dans cet extrait, on aperçoit un enfant dont on ne sait presque rien qui s'incruste dans la maison de Hal et Loïs. Dans la vo, il répond au (sur)nom de Egg. Quel (sur)nom cela donne t il dans la vf ? Tête d'Oeuf
76%
Contre qui Reese va t'il jouer avec acharnement au jeu montré dans cet extrait par Malcolm ? Stevie
69%
Qu'est ce que détruit Francis en 5 lettres dans cet extrait ? Piano
64%
Dans combien d'épisodes (c'est inférieur à 10) ce personnage apparait il dans la série ? (question éliminatoire après 3 erreurs) 0
60%
En 3 mots, sur quoi rebondit la pierre que lance Dewey dans cet extrait ? ? Nain de jardin
58%
Quel mot est prononcé par Reese dans cet extrait dans la vf commençant par V en 8 lettres ? Vendetta
39%
Comment s'appelle le chien de Dewey qui menace Malcolm dans cet extrait dans la vf ? (en 11 lettres ) Montecristo
31%
Dans cet extrait, Malcolm devient obsédé par un jeu vidéo Les Virtuels trouvé sur le pc de son voisin, où l’on crée son monde virtuel comme les Sims. Son personnage finit par mourir. Quelle incroyable rencontre/découverte le personnage de Hal fait dans ce jeu virtuel ? (un mot en 15 lettres au pluriel) Extraterrestres
22%
Comment se prénomme la babysitter à qui Dewey fait cette danse dans cet extrait ? (en 5 lettres) Patty
8%
Aucun quiz correspondant
Distribution des résultats
% des personnes avec chaque résultat
Percentile par nombre de réponses
Votre historique - résultats
Vous n’avez pas pris ce quiz